La Baronia de la Conca d'Òdena / per María del Carmen Álvarez Márquez
Descripción Física:
289 p. ; 24 cm
Colección:
Textos i documents ; 25
Otros Autores:
Fundació Noguera
MARC
| LEADER | 00000nam a2200000Ia 4500 | ||
|---|---|---|---|
| 001 | 9167 | ||
| 008 | 160829s1990 xx 000 0 cat d | ||
| 080 | |a H-1-77 | ||
| 100 | |a Álvarez Márquez, María del Carmen |9 23653 | ||
| 245 | |a La Baronia de la Conca d'Òdena / per María del Carmen Álvarez Márquez | ||
| 260 | |a Barcelona : |b Fundació Noguera, |c 1990 | ||
| 300 | |a 289 p. ; |c 24 cm | ||
| 490 | |a Textos i documents ; 25 | ||
| 650 | |a Baronia de la Conca d'Òdena |9 23654 | ||
| 650 | |a Catalunya |x Història |x 990/1276 |9 23655 | ||
| 700 | |a Fundació Noguera |9 70407 | ||
| 901 | |a Arxiu | ||
| 942 | |n 1 | ||
| 952 | |0 0 |1 0 |4 0 |6 H177 |7 1 |9 42795 |a Arxiu |b Arxiu |d 2016-12-01 |l 0 |o H-1-77 |p 9167 |r 2016-12-01 00:00:00 |w 2016-12-01 |y ARXIU | ||
| 999 | |c 45301 |d 45301 | ||